Normal view
MARC view
- Industrial Biotechnolgy.
Entry Topical Term
001 - CONTROL NUMBER
- control field: 28187
003 - CONTROL NUMBER IDENTIFIER
- control field: NUST
005 - DATE AND TIME OF LATEST TRANSACTION
- control field: 20200129145340.0
008 - FIXED-LENGTH DATA ELEMENTS
- fixed length control field: 200129|| aca||aabn | a|a d
040 ## - CATALOGING SOURCE
- Original cataloging agency: NUST
- Transcribing agency: NUST
150 ## - HEADING--TOPICAL TERM
- Topical term or geographic name entry element: Industrial Biotechnolgy.
670 ## - SOURCE DATA FOUND
- Source citation: Work cat.: (NUST): Mazhar, Absar 28186, miRNA based pathophysiological control of key signaling pathways involved in inflammatory bowel disease /, 2017.
